| 000 | 01015nam a22002055i 4500 | ||
|---|---|---|---|
| 001 | 167040 | ||
| 003 | ES-MaACL | ||
| 005 | 20250809025050.0 | ||
| 008 | 990119s1863 fr |||| | fre d | ||
| 040 |
_aCCPB | B _bspa _cCCPB | B |
||
| 100 | 1 |
_aVattel, Emer de ( _d1714-1767) _9133571 |
|
| 245 | 1 | 3 |
_aLe droit des gens ou Principes de la Loi Naturelle appliques a la conduite et aux affaires des nations et des souverains / _cpar Vattel. |
| 250 | _aNouvelle éd. précédée d'un essay ... accompagnée des notes ... augmentée du discours ... complétée. | ||
| 260 |
_aParis : _bGuillaumin et Cíe, Libraires, _c1863. |
||
| 300 |
_a3 v. ; _c18 cm. |
||
| 597 | 1 | _aVol. I (XXXV, 644 p.) -- vol. II (463 p.) -- vol. III (501 p.) | |
| 650 | 0 | 7 |
_aDerecho internacional público _2embne _911723 |
| 852 |
_aES-MaACL _jD-968-970 _z-- Enc. hol. _x-- Edic.: T.I (XXXV, 644 p.) - T.II (501 p.) - t.III (463 p.) -- En verso de la antep. consta el imp.: Saint-Denis : Typographie de A. Moulin |
||
| 999 |
_c167040 _d167040 |
||